| 000 | 01339nam a2200313 a 4500 | ||
|---|---|---|---|
| 001 | 000026767 | ||
| 005 | 20250924073802.0 | ||
| 008 | 110325s1970 dr 000 | spa d | ||
| 040 |
_aDO-SdBNP _bspa _cBNPHU |
||
| 082 |
_a972.93053 _bC794i, 1970 |
||
| 100 | 1 |
_aCordero Michel, José R., _d1931-1959 _946170 |
|
| 245 | 1 | 0 |
_aInforme sobre la República Dominicana, 1959 / _cJosé R. Cordero Michel ; prólogo de Hugo Tolentino. |
| 250 | _a3a. ed. | ||
| 260 |
_aSanto Domingo : _bUASD, _c1970. |
||
| 300 |
_a109 p. ; _c22 cm. |
||
| 490 | 1 |
_aPublicaciones de la Universidad Autónoma de Santo Domingo _v146 |
|
| 490 | 1 |
_aHistoria y sociedad _v3 |
|
| 500 | _aIncluye referencias bibliograficas y notas al pie de las páginas. | ||
| 590 | _aInventariado, 2020/BT | ||
| 651 | 4 |
_aRepública Dominicana _xHistoria _y1959 _953872 |
|
| 651 | 4 |
_aRepública Dominicana _xCondiciones Económicas _y1959 _953873 |
|
| 651 | 4 |
_aRepública Dominicana _xPolítica Y Gobierno _yHISTORIA _953874 |
|
| 651 | 4 |
_aRepública Dominicana _xCondiciones Sociales _xHistoria _91211 |
|
| 700 | 1 | 2 |
_aTolentino, Hugo, _epról. _953875 |
| 710 | 1 | 2 |
_aUniversidad Autónoma de Santo Domingo _972951 |
| 830 |
_aPublicaciones de la Universidad Autónoma de Santo Domingo _v146 _952 |
||
| 830 | 0 |
_aHistoria y sociedad; _v3 _913749 |
|
| 910 | _aValidado. Control de calidad MFF | ||
| 999 |
_c26259 _d26259 |
||